|
|
|
|
| LEADER |
00000nam0a2200000 4500 |
| 001 |
323300 |
| 005 |
20231102003546.0 |
| 035 |
|
|
|a (RuTPU)RU\TPU\book\348873
|
| 090 |
|
|
|a 323300
|
| 100 |
|
|
|a 20161014d1939 km y0rusy50 ca
|
| 101 |
0 |
|
|a rus
|
| 102 |
|
|
|a RU
|
| 105 |
|
|
|a a z 001zy
|
| 200 |
1 |
|
|a Практика взрывных работ в золото-платиновой промышленности
|f под ред. А. Г. Михайлова
|
| 210 |
|
|
|a Москва
|c Изд-во ОБТИ
|d 1939
|
| 215 |
|
|
|a 152 с.
|c ил.
|
| 320 |
|
|
|a Библиогр.: с. 151
|
| 320 |
|
|
|a Алф. указ.: с. 149-150
|
| 606 |
1 |
|
|a Взрывные работы
|2 stltpush
|3 (RuTPU)RU\TPU\subj\2381
|9 30957
|
| 606 |
1 |
|
|a Золоторудные месторождения
|x Системы разработки
|2 stltpush
|3 (RuTPU)RU\TPU\subj\11880
|9 38759
|
| 610 |
1 |
|
|a золото-платиноидновая промышленность
|
| 610 |
1 |
|
|a золото
|
| 610 |
1 |
|
|a платина
|
| 610 |
1 |
|
|a добыча
|
| 610 |
1 |
|
|a переработка
|
| 610 |
1 |
|
|a взрывчатые вещества
|
| 610 |
1 |
|
|a заряды
|
| 610 |
1 |
|
|a расчет
|
| 610 |
1 |
|
|a подземные условия
|
| 610 |
1 |
|
|a техника безопасности
|
| 675 |
|
|
|a 622.235.6
|v 4
|
| 675 |
|
|
|a 622.342
|v 4
|
| 702 |
|
1 |
|a Михайлов
|b А. Г.
|4 340
|
| 801 |
|
1 |
|a RU
|b 63413507
|c 20161014
|
| 801 |
|
2 |
|a RU
|b 63413507
|c 20191217
|g RCR
|
| 942 |
|
|
|c BK
|